Greatest hits (Record no. 173)

MARC details
000 -LEADER
fixed length control field 00251nam a2200121 a 4500
005 - DATE AND TIME OF LATEST TRANSACTION
control field 20260322212009.0
008 - FIXED-LENGTH DATA ELEMENTS--GENERAL INFORMATION
fixed length control field data
092 ## - LOCALLY ASSIGNED DEWEY CALL NUMBER (OCLC)
Classification number 087
001 - CONTROL NUMBER
control field data
100 1# - MAIN ENTRY--PERSONAL NAME
Personal name Elton John
245 10 - TITLE STATEMENT
Title Greatest hits
Statement of responsibility, etc. Elton John.
260 ## - PUBLICATION, DISTRIBUTION, ETC.
Place of publication, distribution, etc. NY, NY
Name of publisher, distributor, etc. PolyGram Records
Date of publication, distribution, etc. 1974
Holdings
Withdrawn status Lost status Damaged status Not for loan Home library Current library Shelving location Date acquired Total checkouts Full call number Barcode Date last seen Price effective from Koha item type
        Pleasant Valley Pleasant Valley General stacks 22/03/2026   GEN BC0010178 22/03/2026 22/03/2026 Books